Super Smash Bros. Brawl Assist Trophies Quiz - Statistics

General Stats
  • This quiz has been taken 14 times
  • The average score is 20 of 27
Answer Stats
Trophy Series Origin % Correct
Metroid Metroid
100%
Nintendog Nintendogs
100%
Barbara Jam with the Band
89%
Devil Devil World
89%
Little Mac Punch-Out!!
89%
Mr. Resetti Animal Crossing
89%
Samurai Goroh F-Zero
89%
Shadow the Hedgehog Sonic the Hedgehog
89%
Andross Star Fox
78%
Dr. Wright SimCity
78%
Gray Fox Metal Gear
78%
Isaac Golden Sun
78%
Jeff EarthBound
78%
Kat & Ana WarioWare
78%
Lyn Fire Emblem
78%
Starfy The Legendary Starfy
78%
Waluigi Super Mario
78%
Excitebikes Excite
67%
Hammer Bro. Super Mario
67%
Infantry & Tanks Nintendo Wars
67%
Jill Drill Dozer
67%
Knuckle Joe Kirby
67%
Ray MK III Custom Robo
67%
Lakitu & Spinies Super Mario
56%
Tingle The Legend of Zelda
56%
Saki Amamiya Sin and Punishment
44%
Helirin Kururin
33%
No matching quizzes found
Score Distribution
Percent of People with Each Score
Percentile by Number Answered
Your Score History
You have not taken this quiz